1124 1792 1928 1752 1226 1446 1759 1072 1742 1645 1289 1700 1912 1773 1828 1277 1434 1340 1373 1863 1682 1290 1207 1981 1255 1971 1693 1839 1694 1118 1351 1473 1464 1147 1905 1435 1318 1027 1088 1475 1633 1888 1114 1930 1338 1329 1443 1474 1616 1744 1631 1107 1905 1475 1142 1336 1395 1100 1950 1318 1077 1977 1450 1428 1071 1587 1351 1652 1830 1248 1076 1748 1808 1981 1879 1044 1946 1477 1471 1462 1076 1244 1745 1683 1021 1548 1516 1570 1144 1080 1849 1980 1146 1191 1362 1159 1703 1867 1298 BCNSPRNW ULIB Ver.6.0+V

เปลี่ยนเป็นภาษาไทย

Change to English
 แสดงรายละเอียดบรรณานุกรม
  กลับหน้าหลัก

Brief Record : Get Marc (ISO 2709) : E-mail record : QR code < ปิดหน้าต่าง
LEADER : 00000nam 2200000uu 4500
001    13399110036
003     ULIB
008    110420s2549||||th 000 0 tha d
020    9742262977
060 04 WG200^bท472ย 2549
111 2  การประชุมวิชาการเภสัชศาสตร์^n(ครั้งที่ 4 :^d2549 :^cกรุงเทพฯ)
245 10 ยากับโรคหัวใจและหลอดเลือด :^bการประชุมวิชาการเภสัชศาสตร์ครั้งที่ 4, วันที่ 26-27 มกราคม 2549 ณ ห้อง Convention Hall ศูนย์ประชุมสถาบันวิจัยจุฬาภรณ์ /^cโดย คณะเภสัชศาสตร์ มหาวิทยาลัยรังสิต ร่วมกับ สำนักงานคณะกรรมการอาหารและยา กระทรวงสาธารณสุข ; บรรณาธิการ : ทิพย์สุชน เอี่ยมสอาด, ภาริณี สิงห์ประสาทพร
250    พิมพ์ครั้งที่ 1
260    ปทุมธานี :^bคณะ, ;^c2549
300    [7], 214, [2] หน้า :^bภาพประกอบ ;^c30 ซม
504    มีบรรณานุกรมและดัชนี
650  7 ยารักษาโรคทางระบบหัวใจและหลอดเลือด^vการประชุม
650  7 หัวใจร่วมหลอดเลือด, โรค^xการรักษาด้วยยา^vการประชุม
650  7 เภสัชศาสตร์^vการประชุม
700 0  ทิพย์สุชน เอี่ยมสอาด,^eบรรณาธิการ
700 0  ภาริณี สิงห์ประสาทพร,^eบรรณาธิการ
710 2  มหาวิทยาลัยรังสิต. ^bคณะเภสัชศาสตร์
945    ^p250^l0^i019838
945    ^p250^l0^i019837
945    ^p250^l0^i019836
995    ทศพร
999 ^a ใช้งานได้ทุกระบบ
รายการนี้ยังไม่มีแท็ก
คุณยังไม่ได้ล็อกอิน คุณสามารถมีกิจกรรมร่วมกับเว็บไซต์ได้ แต่ต้องล็อกอินก่อน ::
  ล็อกอิน

รายการสื่อสารสนเทศ

ลำดับที่ ประเภท เลขเรียก/บาร์โค้ด สถานที่ สถานะ
- ไม่พบข้อมูล -

BibComment


ยังไม่เคยถูกคอมเมนท์

คอมเมนท์ทรัพยากรรายการนี้
  คอมเมนท์: ยากับโรคหัวใจและห..


 Copyright 2026. Bcnsprnw @Library